| 000 | 00508nam a2200181Ia 4500 | ||
|---|---|---|---|
| 001 | 22077 | ||
| 003 | IN-NITTTR | ||
| 005 | 20251114233250.0 | ||
| 008 | 251113s9999||||xx |||||||||||||| ||eng|| | ||
| 040 | _beng | ||
| 040 | _cIN-NITTTR | ||
| 041 | _aeng | ||
| 082 | _a530.0285 G165P | ||
| 100 | _aGarcia, Narciso | ||
| 245 | 0 |
_aPhysics for computer science students : _b with emphasis on atomic and semiconductor physics. / _cGarcia, Narciso, Damask, Arthur |
|
| 700 | _a Damask, Arthur | ||
| 942 |
_2ddc _cBK |
||
| 999 |
_c24706 _d24706 |
||